Statistics for Provinces of the Netherlands by Borders

Click here to take the quiz!

General Stats

  • This quiz has been taken 90 times
  • The average score is 11 of 12

Answers on the Map

Answers color-coded by a green-red scale on the quiz's map according to % correct below.
 

Answer Stats

Province% Correct
South Holland
100%
Friesland
97%
North Holland
97%
Utrecht
97%
North Brabant
95%
Gelderland
92%
Zeeland
92%
Overijssel
87%
Drenthe
85%
Groningen
85%
Limburg
85%
Flevoland
82%

Score Distribution

Percentile by Number Answered

Percent of People with Each Score

Your Score History

You have not taken this quiz